BIBLIOTHÈQUE DE LA MAISON DU MEXIQUE

Logo 1 Logo 2

Tratados de los tópicos dialécticos (notice nᵒ 444)

détails MARC
000 -Sello discográfico
campo de control de longitud fija 01154nam a2200337 4500
005 - Identificación de versión
campo de control 20251016082220.0
010 ## - Número Estándar Internacional de Libros (ISBN)
Número (ISBN) 968-36-0774-8
035 ## - Otros números de control del sistema
Número de control del sistema 18569
099 ## - fechas locales
Tipo de ítem Koha LIBRO
100 ## - Datos de procesamiento general
Datos de procesamiento general 19950626d1989 m y1spay5003 ba
105 ## - Campo de datos codificados: Material textual, monográfico
Datos codificados de monografía y 001zy
200 1# - Título y mención de responsabilidad
Título propio Tratados de los tópicos dialécticos
Designación general del material texto impreso
Primer mención de responsabilidad Fray Alonso de la Vera Cruz
Declaración de responsabilidad subsiguiente prólogo y traducción de Mauricio Beuchot
205 ## - Declaración de edición
Declaración de edición 1a ed
210 ## - Publicación, distribución, etc.
Lugar de publicación, distribución, etc. México
Nombre del editor, distribuidor, etc. Universidad Nacional Autónoma de México, Instituto de Investigaciones Filológicas
Fecha de publicación, distribución, etc. 1989
215 ## - Descripción física
Designación de material específico y extensión del ítem XXXV, 83 p
Dimensiones 23 cm
300 ## - Notas generales
Texto de la nota Edición bilingüe español-latín
345 ## - Nota de información de adquisición
Fuente de adquisición/dirección de la suscripción [OBSOLETO] Donación de la UNAM
410 #1 - Series
Título Bibliotheca Philosophica Latina Mexicana
Número de volumen 3
606 ## - Término temático usado como materia
Elemento de entrada Dialéctica
Subdivisión cronológica Obras hasta 1800
Número Koha 1320
606 ## - Término temático usado como materia
Elemento de entrada Lógica
Subdivisión cronológica Obras hasta 1800
Número Koha 1321
660 ## - Código de área geográfica
Código MX
700 ## - Nombre personal - Responsabilidad primaria
Elemento de entrada Veracruz
Parte del nombre distinta del elemento de entrada Alonso de la
Fechas ca. 1504-1584
Adiciones a los nombres que no sean fechas Fray
Número Koha 1288
702 ## - Nombre personal - Responsabilidad secundaria
Elemento de entrada Beuchot Puente
Parte del nombre distinta del elemento de entrada Mauricio
Fechas 1950-
Número Koha 1292
801 #0 - Fuente de origen
Agencia cm
900 ## -
-- 1/11758
900 ## -
-- 71095667\\\260695
942 ## - ELEMENTOS DE ENTRADA SECUNDARIOS (KOHA)
Tipo de ítem Koha Livre
996 ## -
-- MEX
-- 751145101
-- MMAG
-- 004215
-- 160 A454T
-- 20201110LIV
Exemplaires
Estatus retirado Estado de daño Estado de pérdida Fecha de adquisición Biblioteca de origen Biblioteca actual Ubicación en estantería Código de barras Precio de reemplazo Signatura topográfica completa No para préstamo Tipo de ítem Koha Nota pública Nota no pública
      05/08/2025 Casa México Paris Casa México Paris   004215 05/08/2025 160 A454T   Livre 20201110LIV 751145101